| 000 | 00928nam a2200253 i 4500 | ||
|---|---|---|---|
| 001 | 77760 | ||
| 003 | ES-MaACL | ||
| 005 | 20250423115646.0 | ||
| 007 | t| | ||
| 008 | 041108s1835 sp ||||1| spa d | ||
| 080 | _a061.21(461.1)Ateneo(047.32) | ||
| 110 | 2 |
_aAteneo de Madrid. _91875 |
|
| 245 | 1 | 0 | _aProyecto de estatutos del Ateneo CientÃfico y Literario de Madrid. |
| 260 |
_a[Madrid : _bs.n., _c1835] |
||
| 300 | _a7 p. | ||
| 500 | _3Al final del texto: Madrid 20 de noviembre de 1835 | ||
| 500 | _3Sin portada | ||
| 610 | 2 | 7 |
_aAteneo de Madrid- _vEstatutos y reglamentos. _91918 |
| 610 | 2 |
_aAteneo de Madrid- _vObras digitalizadas. _91930 |
|
| 852 |
_aES-MaACL _j2184-F-3 _q Ejemplar fotocopiado _cDEPOF _zRevisado enlace: 23 de Abril de 2025 |
||
| 856 | 4 |
_uhttp://www.ateneodemadrid.net/biblioteca_digital/folletos/Proyecto_Estatutos-1835.pdf _yVer documento |
|
| 942 | _2udc | ||
| 999 |
_c77760 _d77760 |
||